Dnešní svět : [tvořivé náměty pro výuku průřezových témat na 2. stupni ZŠ /

Další autoři: Kašová, Jitka, 1951-
Jazyk: Čeština
Vydáno: Praha : Raabe, c2011
Edice: Dobrá škola. Průřezová témata na 2. stupni ZŠ
Témata:
Fyzický popis: [87] s. (v různém stránkování) : il., mapy ; 30 cm
Knihy
Uloženo v:
LEADER 01857nam a2200493 a 4500
001 nkc20112196557
003 CZ PrNK
005 20140523083349.0
007 ta
008 110614s2011 xr ab e f 000 0 cze
015 |a cnb002196557 
020 |a 978-80-86307-71-8  |q (brož.) 
035 |a (OCoLC)880868032 
040 |a BOA001  |b cze  |d ABA001 
072 7 |a 316.4  |x Sociální procesy  |2 Konspekt  |9 18 
072 7 |a 37.016  |x Učební osnovy. Vyučovací předměty. Učebnice  |2 Konspekt  |9 22 
080 |a 316.422  |2 MRF 
080 |a 339.5:17  |2 MRF 
080 |a 37.0-027.511  |2 MRF 
080 |a 37.091.3  |2 MRF 
080 |a (072)  |2 MRF 
245 0 0 |a Dnešní svět :  |b [tvořivé náměty pro výuku průřezových témat na 2. stupni ZŠ /  |c editorka Jitka Kašová] 
260 |a Praha :  |b Raabe,  |c c2011 
300 |a [87] s. (v různém stránkování) :  |b il., mapy ;  |c 30 cm 
490 1 |a Dobrá škola.  |a Průřezová témata na 2. stupni ZŠ ;  |v 3 
504 |a Obsahuje bibliografie a bibliografické odkazy 
650 0 7 |a globalizace  |7 ph120568  |2 czenas 
650 0 7 |a fair trade  |7 ph467692  |2 czenas 
650 0 7 |a globální výchova  |7 ph120570  |2 czenas 
650 0 7 |a globální rozvojové vzdělávání  |7 ph265647  |2 czenas 
650 0 9 |a globalization  |2 eczenas 
650 0 9 |a fair trade  |2 eczenas 
650 0 9 |a global education  |2 eczenas 
650 0 9 |a global development education  |2 eczenas 
655 7 |a metodické příručky  |7 fd132826  |2 czenas 
655 9 |a methodological manuals  |2 eczenas 
700 1 |a Kašová, Jitka,  |d 1951-  |7 xx0055263  |4 edt 
830 0 |a Dobrá škola.  |p Průřezová témata na 2. stupni ZŠ  |0 s 
910 2 |a BOA001  |b 4-1268.754 
928 9 |a Josef Raabe 
990 |a BK 
995 |a 01 
991 |b 201109  |c NOV  |e n 
996 6 |b 2610486898  |c 4-1268.754  |l MZK  |r Sklad / do 1 hodiny  |n 1  |p p.v.  |w 001198163  |u 000010  |a 1  |e BOA001  |j MZK50  |s P